Jogadores - Statistics

Estatísticas Gerais
  • Esse quiz foi jogado 12 vezes
  • A pontuação média é 5 de 16
Estatísticas das Respostas
Imagem Resposta % Correto
Kolarov
92%
Muriel
83%
Florenzi
75%
Schmelzer
58%
Emre Mor
42%
Yarmolenko
42%
Konoplyanka
25%
Schneiderlin
25%
Biabiany
17%
Petrovic
17%
Gonalons
8%
Andrés Fernandez
0%
Fito Rinaudo
0%
Ivan Piris
0%
Oriol Rosell
0%
Slavchev
0%
Nenhum quiz correspondente encontrado
Distribuição das Pontuações
Porcentagem de Pessoas com Cada Pontuação
Percentil de Números Respondidos
Sua Pontuação Histórica
Você não jogou esse quiz